Analýza pro ekonomy
Gespeichert in:
| 1. Verfasser: | |
|---|---|
| Format: | Buch |
| Sprache: | Tschechisch |
| Veröffentlicht: |
Brno
Computer Press
2007
|
| Schriftenreihe: | Vysokoškolské učebnice
|
| Schlagworte: | |
| Tags: |
Keine Tags, Fügen Sie das erste Tag hinzu!
|
MARC
| LEADER | 00000nam$a2200000$$$4500 | ||
|---|---|---|---|
| 001 | 0076217 | ||
| 005 | 20231215114850.2 | ||
| 020 | |a 978-80-251-1801-6 | ||
| 041 | 0 | |a cze | |
| 044 | |a CZ | ||
| 245 | 1 | 0 | |a Analýza pro ekonomy |c Pavel Tuleja |
| 264 | 1 | |a Brno |b Computer Press |c 2007 | |
| 300 | |a vi, 336 s. | ||
| 490 | 1 | |a Vysokoškolské učebnice | |
| 830 | 0 | |a Vysokoškolské učebnice | |
| 610 | 2 | 0 | |a analýza ekonomická |
| 610 | 2 | 0 | |a modely ekonomické |
| 610 | 2 | 0 | |a ekonomika komparatívna |
| 610 | 2 | 0 | |a rovnováha hospodárska |
| 610 | 2 | 0 | |a rovnováha |
| 610 | 2 | 0 | |a trh práce |
| 610 | 2 | 0 | |a zamestnanosť |
| 610 | 2 | 0 | |a rozpočet štátny |
| 610 | 2 | 0 | |a zadlženosť |
| 100 | 1 | |a Tuleja, Pavel | |